[Event "JUG-ch"]
[Site "Kladovo"]
[Date "1991.??.??"]
[Round "6"]
[White "Vratonjic, Slobodan"]
[Black "Kosanski, Stanko"]
[Result "1-0"]
[WhiteElo "2375"]
[BlackElo "2385"]

1.e4 c5 2.Nf3 Nc6 3.Nc3 e5 4.Bc4 d6 5.O-O Bg4 6.h3 Bh5 7.Nxe5 dxe5 8.Qxh5 g6
9.Qf3 Nf6 10.Nd5 Bg7 11.Nxf6+ Bxf6 12.c3 O-O 13.d3 Bg7 14.Qg3 Kh8 15.f4 f5
16.exf5 Rxf5 17.Be6 exf4 18.Bxf4 Rf8 19.Bd6 Rxf1+ 20.Rxf1 Qb6 21.Rf2 Re8
22.Bc7 Qa6 23.Qd6 Nb4 24.Bc4 b5 25.Qd7 Qc8 26.Qxb5 Re1+ 27.Rf1 Rxf1+ 28.Kxf1 Qf5+
29.Kg1 h5 30.Bd6 Nc2 31.Qxc5 Qf6 32.Be7 Qf4 33.Qg5 Qe3+ 34.Qxe3 Nxe3 35.Bb3 Bh6
36.Kf2 Nf5 37.Bc5 Bc1 38.g4 hxg4 39.hxg4 Nh6 40.Bxa7 Nxg4+ 41.Ke2 Bxb2 42.Bd4+ Kh7
43.a4 Nh6 44.Be6  1-0

[Event "JUG-ch"]
[Site "Kladovo"]
[Date "1991.??.??"]
[Round "10"]
[White "Kontic, Djordje"]
[Black "Tosic, Miroslav"]
[Result "0-1"]
[WhiteElo "2325"]
[BlackElo "2455"]

1.e4 c5 2.Ne2 Nc6 3.Nbc3 e5 4.Ng3 g6 5.Bc4 Bg7 6.d3 Nf6 7.O-O d6 8.f4 O-O
9.f5 Kh8 10.Bg5 h6 11.Bxf6 Bxf6 12.Nd5 Bg5 13.c3 Bd7 14.Qf3 Ne7 15.Nxe7 Qxe7
16.f6 Qe8 17.h4 Bxh4 18.Kf2 Qd8 19.Ke2 Kh7 20.Kd2 Bg5+ 21.Kc2 b5 22.Bd5 Rb8
23.Rf2 a5 24.Rh1 b4 25.Rff1 bxc3 26.b3 a4 27.Rxh6+ Bxh6 28.Rh1 axb3+ 29.axb3 Qa5
30.Rxh6+ Kxh6 31.Qf1 Bg4 32.Qc1+ g5 33.Nf5+ Bxf5 34.exf5 Qa2+ 35.Kxc3 Qf2
36.Qh1+ Qh4 37.Qf1 Rb4 38.Kc2 Rf4 39.Qg1 Qf2+ 40.Qxf2 Rxf2+  0-1

[Event "JUG-ch"]
[Site "Kladovo"]
[Date "1991.??.??"]
[Round "13"]
[White "Trkaljanov, Vladimir"]
[Black "Pavlovic, Dragoljub"]
[Result "1-0"]
[WhiteElo "2290"]
[BlackElo "2355"]

1.e4 c5 2.Nf3 Nc6 3.Nc3 d6 4.d4 cxd4 5.Nxd4 Nf6 6.Bc4 Qb6 7.Nb3 e6 8.Be3 Qc7
9.O-O a6 10.f4 b5 11.Bd3 Be7 12.Qf3 Bb7 13.a4 b4 14.Ne2 d5 15.e5 Ne4 16.a5 O-O
17.Ng3 f5 18.exf6 Nxf6 19.Bb6 Qd7 20.Rae1 Rfe8 21.Nh5 g6 22.Ng3 Bd8 23.h4 Bxb6+
24.axb6 Qd8 25.f5 Qxb6+ 26.Kh1 exf5 27.Nxf5 Ne5 28.Qg3 Neg4 29.Ne7+ Kg7 30.h5 Qd8
31.Rxf6 Rxe7 32.h6+ Kg8 33.Rfe6 Rxe6 34.Rxe6 Qg5 35.Nc5 Qxh6+ 36.Kg1 Bc8
37.Qxg4 Bxe6 38.Qxe6+ Kh8 39.Qe5+ Qg7 40.Qxg7+ Kxg7 41.Nxa6 b3 42.cxb3 Kf6
43.Kf2 Ke5 44.b4 Kd4 45.Be2 Rf8+ 46.Bf3 Rc8 47.b3 Rc2+ 48.Kg3 Rc3 49.Nc5 Ke5
50.Kf2 h5 51.Ke2 d4 52.Kd2 h4 53.Nd3+ Kd6 54.Bd1 g5 55.b5 Rc8 56.Bf3 Rb8
57.Bc6 g4 58.Nf2 Rg8 59.Kd3 h3 60.gxh3 g3 61.Ng4 Rc8 62.Bg2 Kc5 63.b6 Kxb6
64.Kxd4 Kb5 65.Ne3 Kb4 66.Bd5 Rh8 67.Nc2+ Kb5 68.Bg2 Rc8 69.Ne3 Kb4 70.Ke4 Kxb3
71.Kf4 Kc3 72.h4 Rh8 73.Nf5 Kc4 74.Kxg3 Rg8+ 75.Kf4 Kc5 76.Bf3 Kb6 77.h5 Kc7
78.h6 Kd7 79.Bc6+ Kd8 80.Bd5 Rh8 81.Kg5 Ke8 82.Kg6 Kf8 83.Bc4 Rxh6+ 84.Kxh6 Ke8
85.Kg6 Kd7 86.Kf6 Kc6 87.Ke5 Kd7 88.Bf7 Kc6 89.Kd4 Kb5 90.Ne7 Ka4 91.Bc4 Kb4
92.Nd5+ Ka4 93.Ne3 Ka3 94.Kc3 Ka4 95.Nc2 Ka5 96.Kd4 Kb6 97.Kd5 Kc7 98.Bb5 Kb6
99.Kc4 Ka5 100.Ne3 Kb6 101.Kb4 Kb7 102.Nd5 Ka7 103.Ka5 Kb7 104.Bd7 Ka7  1-0

[Event "Kobanya op"]
[Site "Kobanya"]
[Date "1991.??.??"]
[Round "3"]
[White "Roos, Jean Luc"]
[Black "Madl, Ildiko"]
[Result "1/2-1/2"]
[WhiteElo "2305"]
[BlackElo "2380"]

1.e4 c5 2.Nc3 Nc6 3.Nge2 d6 4.d4 cxd4 5.Nxd4 Nf6 6.Be2 e5 7.Nb3 Be7 8.O-O O-O
9.Be3 a5 10.a4 Nb4 11.f4 Qc7 12.Bf3 Rd8 13.Rf2 Bd7 14.Rd2 Bc6 15.Kh1 b6 16.f5 Rd7
17.Nd5 Bxd5 18.exd5 Qb7 19.c3 Na6 20.g4 h6 21.Qc2 Rc8 22.Rg1 Nh7 23.Bg2  1/2-1/2

[Event "Kobanya op"]
[Site "Kobanya"]
[Date "1991.??.??"]
[Round "5"]
[White "Tompa, Janos"]
[Black "Rozsnyai, Tibor"]
[Result "1-0"]
[WhiteElo "2445"]
[BlackElo "2310"]

1.e4 c5 2.Nc3 Nc6 3.Nf3 g6 4.d4 cxd4 5.Nxd4 Bg7 6.Nb3 Nf6 7.Be2 O-O 8.O-O d6
9.Bg5 h6 10.Bh4 Be6 11.f4 Na5 12.e5 Ne8 13.Nxa5 Qxa5 14.Bxe7 dxe5 15.Qd2 Rc8
16.Kh1 exf4 17.Qxf4 Qc7 18.Bxf8 Kxf8 19.Qxc7 Rxc7 20.Bd3 Kg8 21.Nb5 Rc5 22.c3 Rh5
23.Nd4 Bc8 24.Rae1 Nd6 25.Be2 Rg5 26.Bd1 b5 27.Re7 b4 28.Bb3 Bb7 29.Bxf7+ Kf8
30.Rxb7 Nxb7  1-0

[Event "Krumbach op"]
[Site "Krumbach"]
[Date "1991.??.??"]
[Round "1"]
[White "Carstens, Andreas"]
[Black "Turner, Matthew"]
[Result "1-0"]
[WhiteElo "2375"]
[BlackElo "2225"]

1.e4 c5 2.Nc3 Nc6 3.Nge2 g6 4.d4 cxd4 5.Nxd4 Bg7 6.Be3 Nf6 7.Be2 O-O 8.O-O d5
9.exd5 Nb4 10.d6 Qxd6 11.Ncb5 Qd7 12.c4 b6 13.Qa4 Na6 14.Rad1 Bb7 15.Bf3 Bxf3
16.Nxf3 Qc8 17.Rfe1 Re8 18.Ne5 Nc5 19.Qc2 Ne6 20.b3 a6 21.Nd4 Nc5 22.b4 Nfd7
23.Nxd7 Nxd7 24.Nb3 a5 25.bxa5 bxa5 26.a4 Ne5 27.c5 Nc6 28.Nd4 Nxd4 29.Bxd4 Bxd4
30.Rxd4 Qc6 31.Qc3 Rec8 32.h4 Qxc5 33.Rd8+  1-0

[Event "Krumbach op"]
[Site "Krumbach"]
[Date "1991.??.??"]
[Round "7"]
[White "Korneev, Oleg"]
[Black "Roeder, Gerd"]
[Result "1-0"]
[WhiteElo "2345"]
[BlackElo "2290"]

1.e4 c5 2.Nc3 Nc6 3.Nge2 e6 4.d4 d5 5.exd5 exd5 6.dxc5 Bxc5 7.Nxd5 Nf6 8.Nec3 Ng4
9.Ne4 Bd4 10.Ne3 Nxe3 11.Bxe3 Bxb2 12.Qxd8+ Kxd8 13.Rb1 Re8 14.Rxb2 Rxe4
15.c3 Kc7 16.Bd3 Re8 17.O-O b6 18.Rc1 Bg4 19.h3 Bh5 20.c4 Rad8 21.Bxh7 Rd1+
22.Rxd1 Bxd1 23.Rd2 Rd8 24.Bf4+ Kb7 25.Rxd8 Nxd8 26.Be4+ Ka6 27.Kf1 Ne6 28.Bd6 g6
29.Ke1 Ba4 30.h4 Be8 31.g4 b5 32.cxb5+ Kxb5 33.h5 Ng5 34.h6 Nh7 35.Bd5 a5
36.f4 a4 37.g5 Kb6 38.Kd2 Kb5 39.Kd3 Kb6 40.Kd4 Kb5 41.Ke4 Ka6 42.Ke5 Ka5
43.Bc4 a3 44.Bc7+  1-0

[Event "Lenk op"]
[Site "Lenk"]
[Date "1991.??.??"]
[Round "2"]
[White "Van Doeland, Julius H"]
[Black "Barbero, Gerardo F"]
[Result "0-1"]
[WhiteElo "2085"]
[BlackElo "2495"]

1.e4 c5 2.Nf3 Nc6 3.Nc3 d6 4.d4 cxd4 5.Nxd4 Nf6 6.Bc4 Bd7 7.O-O g6 8.Re1 Bg7
9.Nxc6 bxc6 10.h3 O-O 11.Bb3 Bc8 12.Qe2 Nd7 13.Bg5 h6 14.Be3 a5 15.Qd2 Kh7
16.Bd4 Bxd4 17.Qxd4 Rb8 18.Na4 Qc7 19.c4 c5 20.Qe3 Ne5 21.f4 Nc6 22.e5 Nd4
23.Bd1 Bd7 24.Nc3 Rxb2 25.Nd5 Qd8 26.Qc3 Rb8 27.Bg4 Be6 28.Rad1 Rb7 29.Bf3 Bxd5
30.Bxd5 Rb4 31.exd6 e6 32.Be4 Qxd6 33.a3 Ne2+ 34.Rxe2 Qxd1+ 35.Re1 Rxc4 36.Qxa5 Qd4+
37.Kh1 Ra4 38.Qb5 Rxa3 39.Bf3 Ra1 40.Rxa1 Qxa1+ 41.Kh2 Qd4  0-1

[Event "Lenk op"]
[Site "Lenk"]
[Date "1991.??.??"]
[Round "8"]
[White "Vogt, Lothar"]
[Black "Bukacek, Emil"]
[Result "1-0"]
[WhiteElo "2510"]
[BlackElo "2225"]

1.e4 c5 2.Nc3 Nc6 3.Nge2 Nf6 4.d4 cxd4 5.Nxd4 e5 6.Ndb5 d6 7.Bg5 a6 8.Na3 b5
9.Bxf6 gxf6 10.Nd5 f5 11.exf5 Bxf5 12.c3 Bg7 13.Nc2 O-O 14.Nce3 Be6 15.Bd3 f5
16.Qh5 Ne7 17.Nxe7+ Qxe7 18.Nxf5 Qf6  1-0

[Event "POR-ch"]
[Site "Lisboa"]
[Date "1991.??.??"]
[Round "9"]
[White "Santos, Carlos P"]
[Black "Leonardo, Joao"]
[Result "0-1"]
[WhiteElo "2405"]
[BlackElo "2240"]

1.Nc3 c5 2.e4 Nc6 3.Nf3 g6 4.d4 cxd4 5.Nxd4 Bg7 6.Be3 Nf6 7.Bc4 O-O 8.Bb3 a5
9.f3 d5 10.Bxd5 Nxd5 11.exd5 Nb4 12.Nde2 Bf5 13.Rc1 Rc8 14.O-O b5 15.a3 Nxc2
16.Bf2 b4 17.axb4 axb4 18.Ne4 Bxe4 19.fxe4 b3 20.Qd3 Rb8 21.Nd4 Bxd4 22.Bxd4 Qd6
23.Bc3 Rbc8 24.Kh1 f6 25.Qd2 Rc4 26.Qe2 Qc5 27.e5 Qxd5 28.exf6 exf6 29.Rxf6 Rxf6
30.Bxf6 Re4 31.Qf2 Qf7 32.Rd1 Re8 33.Qb6 Ne3  0-1

[Event "ESP-ch"]
[Site "Lleida"]
[Date "1991.??.??"]
[Round "3"]
[White "Ochoa de Echaguen, F Javier"]
[Black "Lezcano Jaen, Pedro"]
[Result "1/2-1/2"]
[WhiteElo "2390"]
[BlackElo "2200"]

1.e4 c5 2.Nc3 Nc6 3.Nf3 e5 4.Bc4 d6 5.d3 Be7 6.O-O Be6 7.Nd5 Nf6 8.Ng5 Bxd5
9.exd5 Nb8 10.f4 Nbd7 11.fxe5 Nxe5 12.Bb5+ Ned7 13.Bxd7+ Qxd7 14.d4 c4 15.Qe2 Rc8
16.b3  1/2-1/2

[Event "Lloyds Bank op"]
[Site "London"]
[Date "1991.??.??"]
[Round "8"]
[White "Adams, Michael"]
[Black "Shabalov, Alexander"]
[Result "1/2-1/2"]
[WhiteElo "2615"]
[BlackElo "2535"]

1.e4 c5 2.Nc3 Nc6 3.Nge2 g6 4.d4 cxd4 5.Nxd4 Bg7 6.Be3 Nf6 7.Bc4 O-O 8.Bb3 a5
9.a4 Ng4 10.Qxg4 Nxd4 11.Qd1 Nxb3 12.cxb3 d6 13.O-O Be6 14.Ra3 Ra6 15.Qd2 f5
16.exf5 Rxf5 17.Re1 Bf7 18.Bg5 Qb6 19.Rxe7 d5 20.Nb5 Bf8 21.Rc7 Bb4 22.Qe3 Qxe3
23.Bxe3 Bxa3 24.bxa3 d4 25.Rc8+ Kg7 26.Bxd4+ Kh6 27.Be3+ Kg7 28.Rc7 Rd5 29.h3 Ra8
30.Rxb7 Rd3 31.b4 axb4 32.axb4 Rxa4 33.Bd4+ Kf8 34.Rb8+ Ke7 35.Bc5+ Kf6 36.Nd6 Ra6
37.Nxf7 Kxf7 38.Rb7+ Kg8 39.b5 Ra1+ 40.Kh2 Rb1 41.b6 Rd5 42.Be3 Rf5 43.g4 Rf7
44.Ra7 Rf6 45.Ra6 Rb5 46.Kg3 Kf7 47.Ra7+ Kg8 48.Rb7 h5 49.Kg2 Rb3 50.Kg3 hxg4
51.hxg4 Rb5 52.Kh4 Re6 53.Bd4 Rd6 54.Rb8+ Kf7 55.Be3 Re6 56.Kg3 Ke7 57.Kf3 Kd7
58.Rb7+ Ke8 59.Kf4 Kf8 60.Rc7 Rf6+ 61.Kg3 Rbxb6 62.Bxb6 Rxb6 63.Kf4 Rb5 64.f3  1/2-1/2

[Event "Lyngby op"]
[Site "Lyngby"]
[Date "1991.??.??"]
[Round "?"]
[White "Jorgensen, Brian"]
[Black "Holmsgaard, Henrik"]
[Result "1-0"]
[WhiteElo "2240"]
[BlackElo "2310"]

1.e4 c5 2.Nc3 Nc6 3.Nf3 d6 4.d4 cxd4 5.Nxd4 Nf6 6.Bc4 e6 7.Be3 a6 8.Bb3 Qc7
9.Qe2 Na5 10.O-O-O b5 11.a3 Bb7 12.Bg5 Nxb3+ 13.Nxb3 Be7 14.Kb1 O-O 15.f4 Rad8
16.Rd3 Bc6 17.Nd4 Be8 18.Nf5 exf5 19.Bxf6 Bc6 20.Bxg7 Kxg7 21.Qh5 Rh8 22.Rg3+ Kf8
23.Qh6+ Ke8 24.exf5 d5 25.f6 Bc5 26.Re1+ Kd7 27.Qh3+ Kd6 28.Rd3 d4 29.Qf5 Rde8
30.Re5 Bb6 31.Rd5+  1-0

[Event "Wch U20 Girls"]
[Site "Mamaia"]
[Date "1991.??.??"]
[Round "?"]
[White "Cosma, Elena Luminita"]
[Black "Claus, Caroline"]
[Result "1-0"]
[WhiteElo "2255"]
[BlackElo "2100"]

1.e4 c5 2.Nf3 Nc6 3.Nc3 e5 4.Bc4 Be7 5.d3 Nf6 6.Ng5 O-O 7.f4 exf4 8.Bxf4 d5
9.exd5 Nb4 10.d6 Bxd6 11.O-O h6 12.Nge4 Nxe4 13.Nxe4 Bxf4 14.Rxf4 Qd4+ 15.Rf2 Nc6
16.Qh5 Be6 17.c3 Qe3 18.Qxc5 Qxc5 19.Nxc5 Bxc4 20.dxc4 b6 21.Nd7 Rfd8 22.Rd1 f6
23.Rfd2 Kf7 24.b4 Ke7 25.b5 Ne5 26.Nxe5 fxe5 27.Rxd8 Rxd8 28.Rxd8 Kxd8 29.a4 Kc7
30.c5 bxc5 31.a5 c4 32.Kf2 Kd6 33.Ke3 Kc5 34.b6 axb6 35.axb6 Kxb6 36.Ke4 Kb5
37.Kxe5 Ka4 38.Kd5 Kb3 39.Kd4 g6 40.g3 g5 41.g4  1-0

[Event "Wch U20"]
[Site "Mamaia"]
[Date "1991.??.??"]
[Round "?"]
[White "Moldovan, Daniel"]
[Black "Vlad, Decebal"]
[Result "1/2-1/2"]
[WhiteElo "2425"]
[BlackElo "2275"]

1.e4 c5 2.Nc3 Nc6 3.Bb5 Nd4 4.Nf3 Nxb5 5.Nxb5 d6 6.d4 Nf6 7.Nc3 Bg4 8.Be3 cxd4
9.Bxd4 e5 10.Be3 Qa5 11.h3 Be6 12.O-O h6 13.Qd2 Qa6 14.Ne1 Be7 15.f3 O-O
16.Nd3 Qc6 17.Rfd1 a5 18.Nf2 b5 19.Ng4 b4 20.Nxf6+ Bxf6 21.Nd5 Bxd5 22.Qxd5 Qxc2
23.Rd2 Qc8 24.Rdd1 Qc2 25.Rd2  1/2-1/2

[Event "Wch U20"]
[Site "Mamaia"]
[Date "1991.??.??"]
[Round "?"]
[White "Mitkov, Nikola"]
[Black "Groenn, Atle"]
[Result "0-1"]
[WhiteElo "2490"]
[BlackElo "2320"]

1.e4 c5 2.Nc3 Nc6 3.Nf3 d6 4.d4 cxd4 5.Nxd4 Nf6 6.Bc4 Qb6 7.Ndb5 a6 8.Be3 Qa5
9.Nd4 Ng4 10.Nxc6 bxc6 11.Bd2 g6 12.O-O Qe5 13.g3 Qh5 14.h4 Bg7 15.Kg2 O-O
16.Be2 f5 17.f3 Ne5 18.Bg5 Rf7 19.Bf4 fxe4 20.Nxe4 Qf5 21.Rh1 h6 22.Qd2 Kh7
23.Raf1 Bb7 24.c4 c5 25.Nc3 Raf8 26.Nd5 Qd7 27.b3 e6 28.Nc3 d5 29.Rd1 d4
30.Ne4 Bxe4 31.fxe4 Qc6 32.Qc2 Rxf4 33.gxf4 Rxf4  0-1

[Event "Manzanillo"]
[Site "Manzanillo"]
[Date "1991.??.??"]
[Round "10"]
[White "Pazos, Plinio"]
[Black "Armas, Jorge"]
[Result "1/2-1/2"]
[WhiteElo "2330"]
[BlackElo "2400"]

1.e4 c5 2.Nc3 Nc6 3.Nge2 d6 4.g3 g6 5.Bg2 Bg7 6.d3 e6 7.O-O Nge7 8.Be3 Nd4
9.Qd2 O-O 10.Nd1 Nxe2+ 11.Qxe2 b6 12.Qd2 Bb7 13.Bh6 Bxh6 14.Qxh6 Qd7 15.h4 f5
16.Qd2 d5 17.exf5 Nxf5 18.Nc3 Rae8 19.Ne2 e5 20.a4 a5 21.c3 Kh8 22.b4 Bc6
23.bxa5 bxa5 24.c4 dxc4 25.Bxc6 Qxc6 26.dxc4 Rb8 27.Qc3 Nd4 28.Nxd4 exd4
29.Qxa5 Rb4 30.Qa7 Rb7 31.Qa5 Rb4 32.Qa7 Rb7 33.Qa5 Rb4  1/2-1/2

[Event "WchT U26"]
[Site "Maringa"]
[Date "1991.??.??"]
[Round "3"]
[White "De Souza, Mauro"]
[Black "Sosa Macho, Federico"]
[Result "0-1"]
[WhiteElo "2225"]
[BlackElo "2215"]

1.e4 c5 2.Nf3 Nc6 3.Nc3 g6 4.d4 cxd4 5.Nxd4 Bg7 6.Be3 Nf6 7.Be2 O-O 8.Nb3 d6
9.O-O Be6 10.f4 Qc8 11.Kh1 Rd8 12.Bf3 Bc4 13.Rf2 e5 14.Rd2 Qe6 15.a4 Rd7
16.a5 Rad8 17.Ra4 Ba6 18.Be2 Bxe2 19.Qxe2 exf4 20.Bxf4 Nh5 21.Be3 Be5 22.Qf2 Rf8
23.Nd4 Qg4 24.Nf3 Bxc3 25.bxc3 Re8 26.h3 Qe6 27.e5 dxe5 28.a6 b5 29.Ra1 Rxd2
30.Nxd2 Qf5 31.Rb1 Qxf2 32.Bxf2 Rb8 33.Ne4 Nf4 34.Nd6 b4 35.cxb4 Rxb4 36.Rxb4 Nxb4
37.Bxa7 Nxa6 38.Kg1  0-1

[Event "Miedzybrodzie op"]
[Site "Miedzybrodzie"]
[Date "1991.??.??"]
[Round "8"]
[White "Pedzich, Dominik"]
[Black "Shmuter, Leonid"]
[Result "0-1"]
[WhiteElo "2400"]
[BlackElo "2435"]

1.e4 c5 2.Nf3 Nc6 3.Nc3 d6 4.Bb5 Nf6 5.e5 dxe5 6.Nxe5 Qd6 7.Bxc6+ bxc6 8.Qe2 g6
9.O-O Bg7 10.Re1 Be6 11.b3 O-O 12.Ba3 Nd5 13.Bb2 Nb4 14.Rac1 Bf5 15.d3 Bxe5
16.Qxe5 Bxd3 17.Qxe7 Qxe7 18.Rxe7 Rfe8 19.Rce1 Rxe7 20.Rxe7 Bxc2 21.Na4 c4
22.Rb7 Nxa2 23.Bf6 cxb3 24.Nc5 a5 25.Nd7 Nb4 26.Bb2 Nd5 27.Ne5 a4 28.Nxf7 a3
29.Nh6+ Kf8 30.Bg7+ Ke8 31.Nf7 Nc7 32.Rxc7 b2 33.h3 b1=Q+ 34.Kh2 Qb8 35.Nd6+ Kd8  0-1

[Event "POL-chT"]
[Site "Mikolajki"]
[Date "1991.??.??"]
[Round "1"]
[White "Grzelak, Rafal"]
[Black "Filippov, L."]
[Result "1/2-1/2"]
[WhiteElo "2235"]
[BlackElo "2210"]

1.e4 c5 2.Nf3 Nc6 3.Nc3 d6 4.g3 e5 5.Bg2 g6 6.d3 Bg7 7.Bg5 Nge7 8.Nd5 O-O
9.Qd2 f6 10.Bh6 Nxd5 11.exd5 Bxh6 12.Qxh6 Nb4 13.Kd2 Qe7 14.Rae1 Qf7 15.Nh4 g5
16.Nf3 Nxd5 17.h4 g4 18.Nh2 Ne7 19.h5 Nf5 20.Nxg4 Kh8 21.Qg6 Qe7 22.Be4 hxg6
23.hxg6+ Kg8 24.Bxf5 Re8 25.Bxc8 Raxc8 26.Nh6+ Kf8 27.Nf5 Kg8 28.Nxe7+ Rxe7
29.Rh3 Rce8 30.Reh1 Kg7 31.Ke3 d5 32.f4 exf4+ 33.Kxf4 b6 34.a4 c4 35.R1h2 a6
36.Rh7+ Kg8 37.Rh8+ Kg7 38.R8h7+ Kg8 39.Rxe7 Rxe7 40.dxc4 dxc4 41.Kf5 Re3
42.Kxf6 Rf3+ 43.Ke5 Rxg3 44.Kd4 b5 45.axb5 axb5 46.c3 Rxg6 47.Rh5 Rg4+ 48.Ke3 Kf7
49.Rxb5 Ke6 50.Kd2 Kd6 51.Kc1 Kc6 52.Rh5 Rg8 53.Kb1 Rb8 54.Ka2 Ra8+  1/2-1/2

[Event "Mittelfranken-ch"]
[Site "Mittelfranken"]
[Date "1991.??.??"]
[Round "?"]
[White "Sand, Peter"]
[Black "Schmid, S."]
[Result "1-0"]
[WhiteElo "1750"]
[BlackElo "2005"]

1.e4 c5 2.Nf3 Nc6 3.Nc3 d6 4.d4 cxd4 5.Nxd4 e5 6.Ndb5 a6 7.Na3 Be7 8.Nd5 Nf6
9.Nxf6+ Bxf6 10.Nc4 Be7 11.Be3 b5 12.Nb6 Rb8 13.Nd5 O-O 14.Qd2 Be6 15.O-O-O Bxd5
16.Qxd5 Qc7 17.Kb1 Rfc8 18.Rc1 Qd7 19.Be2 Nb4 20.Qb3 a5 21.c3 Na6 22.Rhd1 Qb7
23.Qd5 Qxd5 24.Rxd5 Nc7 25.Rd2 Ne6 26.g3 Rd8 27.Rcd1 b4 28.cxb4 axb4 29.Rd5 Kf8
30.f4 Nc7 31.Ra5 Ra8 32.Rxa8 Rxa8 33.Rc1 exf4 34.gxf4 Ne6 35.Bc4 Nc5 36.Bd5 Rd8
37.Rc4 Rb8 38.Bd2 Bf6 39.Rxb4 Re8 40.Rc4 Nd3 41.Rc7 Re7 42.Rxe7 Kxe7 43.b4  1-0

[Event "FRA-ch Acc"]
[Site "Montpellier"]
[Date "1991.??.??"]
[Round "6"]
[White "Lecuyer, Christian"]
[Black "Salaun, P."]
[Result "1-0"]
[WhiteElo "2265"]
[BlackElo "2110"]

1.e4 c5 2.Nf3 Nc6 3.Nc3 Nf6 4.Bb5 Nd4 5.e5 Nxb5 6.Nxb5 Nd5 7.c4 Nc7 8.O-O Nxb5
9.cxb5 d5 10.d4 e6 11.Be3 Bd7 12.dxc5 Bxb5 13.Re1 Rc8 14.Nd4 Bd7 15.b4 b6
16.cxb6 Bxb4 17.Qg4 Rg8 18.b7 Rb8 19.Nxe6 fxe6 20.Qxb4 Qc7 21.Rab1 Bc6 22.Rec1 Kd7
23.Bxa7 Rxb7 24.Rxc6  1-0

[Event "Moscow7 op"]
[Site "Moscow"]
[Date "1991.??.??"]
[Round "?"]
[White "Balashov, Yuri S"]
[Black "Sveshnikov, Evgeny"]
[Result "1/2-1/2"]
[WhiteElo "2590"]
[BlackElo "2540"]

1.e4 c5 2.Nf3 Nc6 3.Nc3 e5 4.Bc4 Be7 5.d3 Nf6 6.O-O d6 7.Nd5 Nxd5 8.Bxd5 O-O
9.c3 Be6 10.Bxe6 fxe6 11.b4 cxb4 12.cxb4 Qd7 13.b5 Nd4 14.Nxd4 exd4 15.a4 d5
16.exd5 Qxd5 17.Bd2 Rac8 18.Rc1  1/2-1/2

[Event "URS-ch58"]
[Site "Moscow"]
[Date "1991.??.??"]
[Round "9"]
[White "Rublevsky, Sergei"]
[Black "Sveshnikov, Evgeny"]
[Result "1-0"]
[WhiteElo "2420"]
[BlackElo "2540"]

1.e4 c5 2.Nc3 Nc6 3.Nge2 Nf6 4.d4 cxd4 5.Nxd4 e5 6.Ndb5 d6 7.a4 a6 8.Na3 Be6
9.Bc4 Be7 10.O-O Bxc4 11.Nxc4 Nxe4 12.Nxe4 d5 13.Qg4 g6 14.Rd1 f5 15.Qg3 fxe4
16.Be3 d4 17.Nxe5 Bd6 18.Nxc6 Bxg3 19.Nxd8 dxe3 20.fxg3 Rxd8 21.Rxd8+ Kxd8
22.Re1 Kd7 23.Rxe3 Rc8 24.c3 Re8 25.Kf2 Kd6 26.Re1 Kc5 27.b3 Re6 28.Ke3 Rb6
29.Rb1 Kd5 30.a5 Rc6 31.Rd1+ Ke5 32.c4 b5 33.Rd5+ Ke6 34.cxb5 Rc1 35.Rd2 Re1+
36.Re2 Ra1 37.Kxe4 Rxa5 38.bxa6 Rxa6 39.b4 Rb6 40.Rb2 Rb5 41.Kd4 Kd6 42.Kc4 Rh5
43.h3 Re5 44.b5 Kc7 45.Rf2 h5 46.Rf7+ Kc8 47.Rg7 Re6 48.Kd5 Rb6 49.Ke5 Kd8
50.Kf4 Ke8 51.Kg5 Rxb5+ 52.Kxg6  1-0

[Event "Muenster op"]
[Site "Muenster"]
[Date "1991.??.??"]
[Round "3"]
[White "Kupreichik, Viktor D"]
[Black "Middendorf, Ferdinand"]
[Result "1-0"]
[WhiteElo "2460"]
[BlackElo "2250"]

1.e4 c5 2.Nf3 Nc6 3.Nc3 Nf6 4.Bb5 Qc7 5.O-O e5 6.d3 h6 7.Nd5 Nxd5 8.exd5 Ne7
9.Re1 a6 10.Nxe5 axb5 11.Qf3 Ra6 12.Qxf7+ Kd8 13.Qf4 Rf6 14.d6 Qxd6 15.Nf7+ Kc7
16.Nxd6 Rxf4 17.Bxf4 Ng6 18.Nxb5+ Kb6 19.Nd6 Nxf4 20.Nxc8+ Kc7 21.Ne7 Kd8
22.Nf5 g6 23.Nh4 Bg7 24.g3  1-0

[Event "Nettetal"]
[Site "Nettetal"]
[Date "1991.??.??"]
[Round "1"]
[White "Schaefer, Markus"]
[Black "Moiseev, Viktor"]
[Result "0-1"]
[WhiteElo "2400"]
[BlackElo "2460"]

1.e4 c5 2.Nc3 Nc6 3.Nge2 g6 4.d4 cxd4 5.Nxd4 Bg7 6.Nxc6 bxc6 7.Bc4 Qa5 8.Bd2 Nf6
9.O-O O-O 10.Qe2 d6 11.Nd5 Qd8 12.Nxf6+ Bxf6 13.Bh6 Re8 14.Rad1 Qb6 15.b3 a5
16.Qf3 Ba6 17.Bxa6 Rxa6 18.Rxd6 Bg5 19.Rxg6+ hxg6 20.Bxg5 a4 21.e5 axb3 22.axb3 c5
23.Be3 Qe6 24.Qe4 f5 25.Qb7 Qc6 26.Qxc6 Rxc6 27.Ra1 Rb8 28.Ra7 Kf7 29.Bg5 Re6
30.f4 c4 31.bxc4 Rc8 32.Ra4 Rec6 33.Ra3 Rxc4 34.Rh3 Rxc2 35.e6+ Kxe6 36.Re3+ Kd5
37.Bxe7 Rc1+ 38.Kf2 R8c2+ 39.Kf3 Rf1+ 40.Kg3 Rg1 41.Re5+ Kd4 42.Kh4 Rgxg2
43.h3 Rc7 44.Bc5+ Kc4 45.Be7 Kd3 46.Re6 Rc1  0-1

[Event "New York op"]
[Site "New York"]
[Date "1991.??.??"]
[Round "7"]
[White "Reyes, Romuel"]
[Black "Tischbierek, Raj"]
[Result "0-1"]
[WhiteElo "2255"]
[BlackElo "2500"]

1.e4 c5 2.Nf3 Nc6 3.Nc3 d6 4.d4 cxd4 5.Nxd4 Nf6 6.Be2 e5 7.Nf3 h6 8.O-O Be7
9.b3 O-O 10.Bb2 Be6 11.Re1 Rc8 12.a3 Nb8 13.Nd2 Nbd7 14.Nf1 Rxc3 15.Bxc3 Nxe4
16.Bd2 d5 17.Ng3 Nxd2 18.Qxd2 f5 19.c4 d4 20.Bf3 e4 21.Nxe4 fxe4 22.Rxe4 Bf5
23.Rxd4 Bf6 24.Bxb7 Qb6 25.Rd6 Qxb7 26.Rd1 Ne5 27.Qd5+ Qxd5 28.R1xd5 Re8
29.h3 Bc2 30.Rb5 Nd3 31.Rxf6 gxf6 32.b4 Re1+ 33.Kh2 Nxf2 34.Rb7 h5 35.Kg3 Ne4+
36.Kf4 Nd6 37.Rxa7 Nf5 38.Kf3 Bd3 39.g4 Rf1+ 40.Kg2 hxg4 41.hxg4 Ne3+ 42.Kg3 Be4
43.Re7 Rf3+ 44.Kh2 Nxg4+ 45.Kg1 Re3  0-1

[Event "Niksic"]
[Site "Niksic"]
[Date "1991.??.??"]
[Round "2"]
[White "Kontic, Djordje"]
[Black "Ivanovic, Bozidar"]
[Result "1/2-1/2"]
[WhiteElo "2325"]
[BlackElo "2535"]

1.e4 c5 2.Ne2 Nc6 3.Nbc3 d6 4.d4 cxd4 5.Nxd4 Nf6 6.Bg5 e6 7.Qd2 a6 8.O-O-O h6
9.Bf4 Bd7 10.Nxc6 Bxc6 11.f3 e5 12.Be3 b5 13.Kb1 Qc7 14.g4 Rc8 15.h4 b4 16.Nd5 Nxd5
17.exd5 Ba4  1/2-1/2

[Event "Niksic"]
[Site "Niksic"]
[Date "1991.??.??"]
[Round "5"]
[White "Kontic, Djordje"]
[Black "Vukovic, Zdravko"]
[Result "1/2-1/2"]
[WhiteElo "2325"]
[BlackElo "2395"]

1.e4 c5 2.Ne2 Nc6 3.Nbc3 d6 4.d4 cxd4 5.Nxd4 Nf6 6.Bc4 Qb6 7.Nde2 e6 8.O-O Be7
9.Ng3 O-O 10.b3 a6 11.Bb2 Bd7 12.Kh1 Ne5 13.Bd3 Nfg4 14.Qe2 Bh4 15.f4 Bxg3
16.fxe5 Nxh2 17.exd6 Nxf1 18.Rxf1 Qxd6 19.e5 Qe7 20.Rf6 Bc6 21.Qg4 g6 22.Qg5 Bf2
23.Rxg6+ fxg6 24.Qxe7 Rf4 25.Qxe6+ Kh8 26.Qh3 Rh4 27.Qxh4 Bxh4 28.Ne2 Kg7
29.Nd4 Rc8 30.Kh2 Bd5 31.c4 Bc6 32.Ne6+ Kf7 33.Nf4 Rd8 34.Nd5 Bxd5 35.cxd5 Rxd5
36.Bc4 Ke6 37.Kh3 Bd8 38.Kg4 b5 39.Bxd5+ Kxd5 40.Kf4 h5 41.Ba3 Ke6 42.Bf8 g5+
43.Ke4 Ba5 44.a4 bxa4 45.bxa4 Bd2 46.Bg7 g4 47.Bf6  1/2-1/2

[Event "Niksic"]
[Site "Niksic"]
[Date "1991.??.??"]
[Round "11"]
[White "Kontic, Djordje"]
[Black "Cabrilo, Goran"]
[Result "0-1"]
[WhiteElo "2325"]
[BlackElo "2490"]

1.e4 c5 2.Ne2 Nc6 3.Nbc3 d6 4.d4 cxd4 5.Nxd4 Nf6 6.Bc4 e6 7.Be3 Be7 8.Qe2 a6
9.O-O-O O-O 10.Rhg1 Nd7 11.g4 Nxd4 12.Rxd4 b5 13.Bb3 Qe8 14.g5 Nc5 15.e5 dxe5
16.Rh4 Nxb3+ 17.axb3 f5 18.gxf6 Bxf6 19.Bg5 Bb7 20.Bxf6 Rxf6 21.Ne4 Bxe4
22.Qxe4 g6 23.Qxe5 Qf7 24.f4 Rd8 25.Kb1 Rf5 26.Qc3 Qf6 27.Qh3 Rd7 28.Qg3 b4
29.Rg4 Rfd5 30.Qe3 e5 31.Qe4 Rd4 32.fxe5 Rxe4 33.exf6 Rxg4 34.Rxg4 a5 35.c3 Kf7
36.Rh4 h5 37.cxb4 axb4 38.Rxb4 Kxf6 39.h4 g5 40.Rb6+ Ke5 41.Rb5+ Kf4 42.Rb4+ Kg3
43.hxg5 h4 44.g6 h3 45.Rc4 h2 46.Rc1 Rg7 47.Ka2 Kh3 48.b4 Rxg6 49.b5 Rg1
50.Rc8 h1=Q 51.Rh8+ Kg4 52.Rxh1 Rxh1 53.Kb3 Kf5 54.b6 Rh6 55.Kc4 Rxb6 56.b4 Ke6
57.Kc5 Rb8  0-1

[Event "Nimes op"]
[Site "Nimes"]
[Date "1991.??.??"]
[Round "3"]
[White "Pastircak, Milan"]
[Black "Psakhis, Lev"]
[Result "1/2-1/2"]
[WhiteElo "2375"]
[BlackElo "2555"]

1.e4 c5 2.Nc3 Nc6 3.Bb5 Nd4 4.a4 e6 5.Nf3 Ne7 6.Nxd4 cxd4 7.Ne2 a6 8.Bc4 d5
9.exd5 Nxd5 10.d3 Nb4 11.O-O Nc6 12.Ng3 Be7 13.Qg4 h5 14.Nxh5 Ne5 15.Qe2 Bd6
16.Bf4 Nxc4 17.dxc4 Bxf4 18.Nxf4 Qd6 19.Qf3 Bd7 20.Qg3  1/2-1/2

[Event "Nimes op"]
[Site "Nimes"]
[Date "1991.??.??"]
[Round "8"]
[White "Kovalev, Andrei"]
[Black "Belkhodja, Slim"]
[Result "1/2-1/2"]
[WhiteElo "2520"]
[BlackElo "2365"]

1.e4 c5 2.Nf3 Nc6 3.Nc3 e5 4.Bc4 d6 5.d3 Be6 6.Nd5 Be7 7.O-O Nf6 8.Ng5 Bxd5
9.exd5 Nb8 10.Bb5+ Nbd7 11.Ne6 fxe6 12.dxe6 O-O 13.exd7 a6 14.Ba4 b5 15.Bb3+ d5
16.c3 Qxd7 17.Bg5 Rad8 18.Qe2 Kh8 19.a4 Ng8 20.Bxe7 Nxe7 21.axb5 axb5 22.Qxe5 Ng6
23.Qg3 Nf4 24.Rae1 c4 25.Bc2 Qf5 26.Re7 Qf6 27.Re3 d4 28.cxd4 Rxd4 29.dxc4 Rd2
30.Bb1 bxc4 31.Qf3 Rxb2 32.Qe4 Qh4 33.Kh1 Ng6 34.Qxh4 Nxh4 35.Kg1 Rfb8 36.Be4 R2b3
37.Re2 R3b5 38.Rfe1 g6 39.g3 Nf5 40.Rd1 Re5 41.Rd7 Rbe8 42.f3 R8e7 43.Red2 c3
44.Rxe7 Rxe7 45.Rd8+ Kg7 46.Kf2 Rc7 47.Rd1 Kf6 48.g4 c2 49.Rc1 Nd6 50.Bd3 Rc3
51.Ke2 Kg5 52.Ke3 Rc7 53.Rxc2 Rxc2 54.Bxc2 Nc4+ 55.Kd3 Ne5+ 56.Ke4 Nxg4 57.fxg4 Kxg4  1/2-1/2